000
00329nam a2200121Ia 4500
008
190415s9999 xx 000 0 und d
082
_a
RL.001;
100
_a
Lingajammanni, A.
245
0
_a
Enquiry into the impact of foreign countries on the system of education in India
260
_c
1970
300
_a
142, 20p.
942
_c
BK
999
_c
13640
_d
13640